Top 30 des meilleurs buteurs actifs du monde. - Statistiques

Statistiques générales
  • Ce quiz a été pris 153 fois
  • Le résultat moyen est 15 sur 30
Statistiques - réponses
Buts Matchs Joueur % Correct
948 1291 Cristiano Ronaldo
100%
886 1128 Lionel Messi
100%
401 545 Kylian Mbappe
99%
324 388 Erling Haaland
93%
498 959 Karim Benzema
92%
700 992 Robert Lewandowski
92%
600 1025 Luis Suarez
90%
486 730 Harry Kane
88%
445 740 Neymar JR
80%
386 769 Mohamed Salah
76%
351 901 Olivier Giroud
72%
331 896 Antoine Griezmann
71%
299 799 Son Heung-min
71%
461 878 Edinson Cavani
62%
344 982 Thomas Müller
56%
413 815 Pierre-Emerick Aubameyang
50%
412 809 Romelu Lukaku
49%
365 692 Ciro Immobile
42%
441 989 Edin Dzeko
31%
365 833 André-Pierre Gignac
22%
354 729 Radamel Falcao
19%
445 897 Hulk
16%
329 621 Aleksandar Mitrović
9%
311 725 Dayro Moreno
4%
331 413 Abderrazak Hamdallah
1%
415 729 Eran Zahavi
1%
371 830 Oscar Cardozo
1%
372 857 Vagner Love
1%
330 492 Ali Mabkhout
0%
314 457 Baghdad Bounedjah
0%
Aucun quiz correspondant
Distribution des résultats
% des personnes avec chaque résultat
Percentile par nombre de réponses
Votre historique - résultats
Vous n’avez pas pris ce quiz